Score 0/11 Timer 03:00
2 Plays Today
Scrambled Country Unscrambled Country % Correct
MOANOman
95.7%
YAGUUURUruguay
89.7%
DANAUGUganda
74.3%
JITBODIUDjibouti
73.8%
LAGSNEESenegal
69.4%
ZEBRANAJIAAzerbaijan
69.2%
RAINIEGNigeria
65.8%
LUVTUATuvalu
59.4%
SOUNDHARHonduras
54.6%
Bonus country from the first letters: →South Sudan
52.2%
ARESINMUSuriname
45.8%
Remove Ads.
Support Sporcle.
Get the best of Sporcle when you Go Orange. This ad-free experience offers more features, more stats, and more fun while also helping to support Sporcle. Thank you for becoming a member.

You're not logged in!

Compare scores with friends on all Sporcle quizzes.
OR
Log In

Show Comments

Extras

Top Quizzes Today


Score Distribution

Your Account Isn't Verified!

In order to create a playlist on Sporcle, you need to verify the email address you used during registration. Go to your Sporcle Settings to finish the process.

Report this User

Report this user for behavior that violates our Community Guidelines.

Details: